| 000 | 00580nam a22002177a 4500 | ||
|---|---|---|---|
| 003 | ITZ | ||
| 005 | 20240910133519.0 | ||
| 008 | 240910b |||||||| |||| 00| 0 spa d | ||
| 020 | _a978-607-538-250-0 | ||
| 035 | _a17821 | ||
| 041 | _aspa | ||
| 050 |
_aHD69.P75 _bS46 2020 |
||
| 082 |
_a658.404 _bS483g 2020 |
||
| 100 | 1 | _aSerer Figueroa, Marcos | |
| 245 |
_aGestión integrada de proyectos / _cMarcos Serer Figueroa |
||
| 250 | _a1 | ||
| 260 |
_aMéxico: _bAlfaomega, _c2020. |
||
| 300 |
_a484 p. _bil, / _c23 cm. |
||
| 650 | _a1.ADNINISTRACIÓN DE PROYECTOS | ||
| 942 | _cBK | ||
| 999 |
_c29536 _d29536 |
||